| 000 | 00624nam a2200193Ia 4500 | ||
|---|---|---|---|
| 003 | GCL | ||
| 008 | 140319s9999 xx 000 0 ara d | ||
| 040 |
_aGCL / _cGCL |
||
| 082 | 0 | 4 |
_a833.03 _bب ش |
| 100 | 1 | _aبول، هاينرش | |
| 245 | 1 | 0 |
_aشرف كاتارينا بلوم الضائع أو كيف أن يؤدى / _cبول، هاينرش |
| 700 | 1 | _aنوال حنبلى | |
| 300 | _a132 ص | ||
| 490 |
_aروايات عالمية _v0 |
||
| 650 | 0 | 4 | _aالادب الالمانى المترجم |
| 650 | 0 | 4 | _aالادب العالمى المترجم |
| 650 | 0 | 4 | _aالقصص الالمانية |
| 942 |
_2ddc _cBK |
||
| 999 |
_c39843 _d39843 |
||